Szczegóły MARC21

Dwanaście dramatów. 3 /

003 -Nazwa inst., której nr kontr. jest w polu 001 [,]
    • @
    • Nazwa instytucji, której n kontrolny jest w polu 001
    • NUKAT
005 -DATA I CZAS OSTATNIEJ MODYFIKACJI [,]
    • @
    • pole kontrolne
    • 20241231100709.0
020 -Międzynarod. znormalizowany nr książki - ISBN [ , ]
    • a
    • Numer ISBN
    • 837129767X Find
040 -Instytucja sporządzająca opis [ , ]
    • a
    • Instytucja, która sporządziła opis (NP)
    • KR 127/UZ
    • c
    • Instytucja, która sporządziła rekord (NP)
    • KR 127/UZ
    • d
    • Instytucja, która zmodyfikowała rekord (P)
    • KR 127/UZ
    • d
    • Instytucja, która zmodyfikowała rekord (P)
    • SZCZ U/KPs
041 -Język dokumentu [1, ]
    • a
    • Język tekstu (P)
    • polski
    • h
    • Język tekstu oryginalnego i/lub pośredniego (P)
    • angielski
942 -Rodzaj dokumentu [ , ]
    • c
    • Rodzaj dokumentu
    • Książka
100 -Hasło główne - nazwa osobowa [1, ]
    • a
    • Nazwa osobowa (NP)
    • Shakespeare, William
    • d
    • Daty biograficzne (NP)
    • (1564-1616).
    • 9
    • KHW
    • 13776
245 -Strefa tytułu i oznaczenia odpowiedzialności [1,0]
    • a
    • Tytuł
    • Dwanaście dramatów. Find
    • n
    • Oznaczenie części (P)
    • 3 /
    • c
    • Pozostałe elementy strefy tytułu i oznaczenia odpowiedzialności (NP)
    • William Shakespeare ; przypisami i posłowiem opatrzyła Anna Staniewska.
260 -Strefa adresu wydawniczego [ , ]
    • a
    • Miejsce wydania (P)
    • Warszawa :
    • b
    • Nazwa wydawcy (P)
    • Świat Książki,
    • c
    • Data wydania (P)
    • 1999.
300 -Strefa opisu fizycznego [ , ]
    • a
    • Określenie formy książki i/lub objętość (NP)
    • 638, [2] s. ;
    • c
    • Format (NP)
    • 21 cm.
336 -Typ zawartości [ , ]
    • a
    • Termin opisujący typ zawartości
    • Tekst
    • b
    • Kod określający zawartość
    • txt
    • 2
    • Źródło (terminu i kodu)
    • rdacontent
337 -Typ mediów [ , ]
    • a
    • Tryb odtwarzania
    • Bez urządzenia pośredniczącego
    • b
    • Kod typu mediów
    • n
    • 2
    • Źródło (terminu i kodu)
    • rdamedia
338 -Typ/rodzaj nośnika [ , ]
    • a
    • Hasło opisujące typ nośnika
    • Wolumin
    • b
    • Kod typu nośnika
    • nc
    • 2
    • Źródło (terminu i kodu)
    • rdacarrier
505 -Uwaga dot. zawartości książki [0, ]
    • a
    • Uwaga dot. zawartości książki
    • Otello / przeł. Krystyna Berwińska ; Król Lir / przeł. Zofia Siwicka ; Makbet / przeł. Krystyna Berwińska ; Burza / przeł. Czesław Jastrzębiec-Kozłowski.
655 -Hasło w funkcji tematu formalnego [ ,7]
    • a
    • Hasło
    • Tragedia angielska
    • y
    • Określnik chronologiczny
    • 17 w.
    • v
    • Określnik formy
    • tłumaczenia polskie.
    • 2
    • Źródło terminu
    • kaba
    • 9
    • KHW
    • 352450
655 -Hasło w funkcji tematu formalnego [ ,7]
    • a
    • Hasło
    • Dramat angielski
    • y
    • Określnik chronologiczny
    • 17 w.
    • v
    • Określnik formy
    • tłumaczenia polskie.
    • 2
    • Źródło terminu
    • kaba
    • 9
    • KHW
    • 359528
655 -Hasło w funkcji tematu formalnego [ ,7]
    • a
    • Hasło
    • Komedia angielska
    • y
    • Określnik chronologiczny
    • 17 w.
    • v
    • Określnik formy
    • tłumaczenia polskie.
    • 2
    • Źródło terminu
    • kaba
    • 9
    • KHW
    • 359518
700 -Hasło dodatkowe - nazwa osobowa [1, ]
    • a
    • Nazwa osobowa (NP)
    • Staniewska, Anna Find
    • d
    • Daty biograficzne (NP)
    • ( -2009).
    • e
    • Określenie rodzaju współpracy
    • Posł.
    • 9
    • KHW
    • 38441
700 -Hasło dodatkowe - nazwa osobowa [1, ]
    • a
    • Nazwa osobowa (NP)
    • Siwicka, Zofia Find
    • d
    • Daty biograficzne (NP)
    • (1894-1982).
    • e
    • Określenie rodzaju współpracy
    • Tł.
    • 9
    • KHW
    • 17375
700 -Hasło dodatkowe - nazwa osobowa [1, ]
    • a
    • Nazwa osobowa (NP)
    • Jastrzębiec-Kozłowski, Czesław Find
    • d
    • Daty biograficzne (NP)
    • (1894-1956).
    • e
    • Określenie rodzaju współpracy
    • Tł.
    • 9
    • KHW
    • 20585
700 -Hasło dodatkowe - nazwa osobowa [1, ]
    • a
    • Nazwa osobowa (NP)
    • Berwińska, Krystyna Find
    • d
    • Daty biograficzne (NP)
    • (1919-2016).
    • e
    • Określenie rodzaju współpracy
    • Tł.
    • 9
    • KHW
    • 13783
700 -Hasło dodatkowe - nazwa osobowa [1,2]
    • a
    • Nazwa osobowa (NP)
    • Shakespeare, William Find
    • d
    • Daty biograficzne (NP)
    • (1564-1616).
    • t
    • Tytuł ujednolicony/tytuł (NP)
    • Othello Find
    • l
    • Język tekstu (NP)
    • (pol.)
    • 9
    • KHW
    • 19067
700 -Hasło dodatkowe - nazwa osobowa [1,2]
    • a
    • Nazwa osobowa (NP)
    • Shakespeare, William Find
    • d
    • Daty biograficzne (NP)
    • (1564-1616).
    • t
    • Tytuł ujednolicony/tytuł (NP)
    • King Lear Find
    • l
    • Język tekstu (NP)
    • (pol.)
    • 9
    • KHW
    • 19065
700 -Hasło dodatkowe - nazwa osobowa [1,2]
    • a
    • Nazwa osobowa (NP)
    • Shakespeare, William Find
    • d
    • Daty biograficzne (NP)
    • (1564-1616).
    • t
    • Tytuł ujednolicony/tytuł (NP)
    • Macbeth Find
    • l
    • Język tekstu (NP)
    • (pol.)
    • 9
    • KHW
    • 19075
700 -Hasło dodatkowe - nazwa osobowa [1,2]
    • a
    • Nazwa osobowa (NP)
    • Shakespeare, William Find
    • d
    • Daty biograficzne (NP)
    • (1564-1616).
    • t
    • Tytuł ujednolicony/tytuł (NP)
    • Tempest Find
    • l
    • Język tekstu (NP)
    • (pol.)
    • 9
    • KHW
    • 20754
710 -Hasło dodatkowe - nazwa ciała zbiorowego [2, ]
    • a
    • Nazwa ciała zbiorowego lub nazwa geograficzna jako pierwszy element (NP)
    • Świat Książki (1994-2017).
    • 4
    • Kod relacji
    • pbl
    • 9
    • KHW
    • 68782
920 -ISBN [ , ]
    • a
    • ISBN
    • 83-7129-767-X Find
Lokalizacja Data inwentaryzacji Numer inwentarzowy Status udost.
BG2016-07-20Z.1219561